Quizzes
Events
Quiz Creation
Community
Videos
Private Events
Remove Ads
Sign In
Join for FREE
Feedback
Dark Mode
Quiz Categories
Sports
Geography
Music
Movies
Television
Just For Fun
Miscellaneous
History
Literature
Language
Science
Gaming
Entertainment
Religion
Holiday
For Kids
Quiz Lab
Recent
Popular Today
Quiz Kudos Today
Editor Picks
Curator Picks
Quizzes by...
Day
Popularity
Type
Ratings
Length
Year
Community
Subscriptions
Recent Discussions
Orange Saloon
Badges
Playlists
Quests
Create
Leaderboards
Showdown
Live 5
Trivia Bingo
Activity
Puzzle Library
Sporcle Events
Private Events
Virtual Trivia
Globe League
Become a Host
Pub Owners
SporcleCon
Opinionation
Our Games
Videos
Blog
Mobile Apps
Partnerships
Remove Ads and Go Orange
Feedback
Gaming
Video Games
Board Games
Card Games
Pokémon
Mario
Nintendo
Minecraft
Console
Toys
Legend of Zelda
Gaming
Video Games
Board Games
Card Games
Pokémon
Mario
Nintendo
Minecraft
Console
Toys
Legend of Zelda
Random Quiz
Search Sporcle
×
Quiz Lab
Quiz Lab
Gaming
Legend of Zelda
Type in answers that appear in a list
Type in answers that appear in a list
Classic
Best Score? Go Orange.
Four Swords Adventures Stages Stats
Can you name the Four Swords Adventures Stages?
By
MrFH
15m
32 Questions
47 Plays
47 Plays
47 Plays
Comments
Comments
Give Quiz Kudos
Give Quiz Kudos
-
- Ratings
hide this ad
Replay
Link that replays current quiz
Next Quiz
Link to next quiz in quiz playlist
You Got
0%
They Got
Avg Score
71%
Avg Friend Score
Upgrade to see
Score Distribution
Jump to the score distribution portion of the page
Score
0/32
Timer
15:00
0
Plays Today
Description
Name
% Correct
A known lake.
Lake Hylia
93.6%
Phantom Ganon lurks here.
Hyrule Castle
89.4%
Level 2.
Eastern Hyrule
87.2%
Level 7.
Frozen Hyrule
87.2%
It's so cold.
Frozen Hyrule
87.2%
Level 1.
Whereabouts of the Wind
83%
A temple with an one eyed stone monster.
Eastern Temple
80.9%
Sneaking around the castle.
Infiltration of Hyrule Castle
80.9%
Lamps and traps.
Cave of No Return
78.7%
A graveyard in a swamp?
The Swamp
78.7%
A known village.
Kakariko Village
78.7%
A sandy temple.
Desert Temple
78.7%
The gate to the Dark World is located here.
Village of the Blue Maiden
76.6%
Level 3.
Death Mountain
76.6%
Slippery floors.
The Ice Temple
76.6%
A known shaped building.
Pyramid
74.5%
Description
Name
% Correct
Horses and giant spiders.
The Field
72.3%
A known forest.
Lost Woods
70.2%
Not Gerudo Desert
Desert of Doubt
70.2%
Zelda is captured here.
Tower of Winds
70.2%
Vaati's home.
Palace of Winds
70.2%
Tower of Hera?
Tower of Flames
68.1%
Shadow Link is crazy, he throws giant bombs.
The Coast
66%
Phantom Ganon and friends.
Temple of Darkness
66%
Level 8.
Realm of the Heavens
61.7%
Above the clouds.
Realm of the Heavens
61.7%
The base of the mountain.
Death Mountain Foothills
57.4%
Level 5.
The Dark World
53.2%
Spikes on the clouds?
The Dark Cloud
53.2%
Level 4.
Near the Fields
48.9%
Oh my god, it's Helmaroc King!
The Mountain Path
46.8%
Level 6.
The Desert of Doubt
46.8%
Quiz Playlist
Details
Report
Send in Message
Add To Playlist
Classic:
Type in answers that appear in a list
Last Updated: Feb 16, 2017
Quiz Scoreboard
CHALLENGE
Sign Up to Join the Scoreboard
Show All
Scores
Hide
Comments
May contain spoilers
Recently Published
An Introduction to Baseball
by treessimontrees
Sports
5m
Movies - When Are They Set?
by FPL_Elf
Movies
5m
Popular People in 1961
by mucciniale
History
6m
More to Explore
Quiz From the Vault
Featured Blog Post
Where Did the Easter Bunny Come From?
hide this ad
You Might Also Like...
Tags
Legend of Zelda Quiz
Adventure
description
four
stage
Sword
Today's Top Quizzes in Gaming
Browse Gaming
hide this ad
Today's Top Quizzes in Legend of Zelda
Browse Legend of Zelda
Top Contributed Quizzes in Gaming
1
Destiny 2 exotic weapons by perk icons
2
5-to-1: Consoles
3
Ultimate Genshin Impact Logic Puzzle (up to 4.3)
4
7-to-1: Board Game Piece Blitz
5
5-to-1: Legend of Zelda
6
Franchise by Action Figure
7
Who's on the WWE 2K24 Cover?
8
Windmill: Pokémon
9
Genshin Impact Logic Puzzle Quiz
10
Legendary or Exotic?
Explore More
Trending Topics
Crossword
Harry Potter
Kpop
Marvel
Anime
Disney
NBA
Song
Pokémon
Soccer
The Office
WWE
Country
NFL
Puzzle
hide this ad
More By:
MrFH
Quiz
Plays
Rating
Category
Featured
Created
Ed, Edd 'n' Eddy Characters alphabetical
276
1.00
Television
Mar 17, 2012
Super Mario Galaxy 1 & 2 Enemies and Obstacles
230
Gaming
Mar 25, 2012
Mario and Luigi: Dream Team Bros. Giant Bosses
217
1.00
Gaming
Aug 24, 2013
Zelda 3D Games Enemies
150
2.33
Gaming
Mar 17, 2012
Super Mario Bros. Series Enemies
150
2.00
Gaming
Mar 17, 2012
Go to Creator's Profile
Score Distribution
Quiz Creator Spotlight
MrFH
Follow
Send a Message
Quizzes Created
-
Created Quiz Play Count
-
More By This Creator
Popular Quizzes Today
1
Find the Countries of Europe - No Outlines Minefield
2
Find the US States - No Outlines Minefield
3
The Countries of the World
4
Popular People in 1961
5
US States
6
Find the US States
7
1-10 Letter E Words III
8
Risky Map Clicking: Biggest States A-Z
More Gaming Quizzes
Video Games by Soundtrack Art
Editor's Pick
Trending Quizzes
Risky Map Clicking: Least Populous States A-Z
1-10 Letter F Words
1-10 Letter G Words
One Thing in Common: United Kingdom
Risky Map Clicking: Next State Alphabetically
Recently Updated
Leaping Animals
pecheneg
Reality TV Shows (A-Z)
bhenderson79
Rickey Henderson's Hall of Fame Teammates
pecheneg
Champions League XIs: Arsenal
pecheneg
Quick Pick: Celebrities in WWE's Hall of Fame
aduchscher
A-Z Keypad Blitz II
pecheneg
Multiple Oscar Actors
pecheneg
Mystery Phrase Blitz: Oscar 'Best Actors'
pecheneg
F. Scott Fitzgerald Novels
LTH
Pick 3 Villains
ddd62291
Trending Topics
Marvel
Anime
Kpop
Harry Potter
Disney
NBA
Crossword
Country
Soccer
Puzzle
WWE
The Office
Pokémon
Song
NFL
Your Account Isn't Verified!
In order to create a playlist on Sporcle, you need to verify the email address you used during registration. Go to your
Sporcle Settings
to finish the process.
Report this User
Report this user for behavior that violates our
Community Guidelines
.
Details:
Send Report
Go to the Sporcle.com Mobile Site →
Comments